Motivation Level and its Comparison Between Senior Managers and Blue-Collar Workers in Small and Medium-Sized Transport Enterprises
Porovnanie úrovne motivácie senior manažérov a manuálnych pracovníkov v slovenských malých a stredných podnikoch zabezpečujúcich dopravu v lesníctve so zameraním na tvorbu motivačných programov - výsledky dotazníkového prieskumu z obdobia 11/2015-03/2016.
Saved in:
| Main Author: | |
|---|---|
| Other Authors: | , , |
| Format: | Book Chapter |
| Language: | English |
| Subjects: | |
| Tags: |
No Tags, Be the first to tag this record!
|
MARC
| LEADER | 00000naa a2200000 4500 | ||
|---|---|---|---|
| 001 | 0242158 | ||
| 005 | 20200130141252.3 | ||
| 041 | 0 | |a eng | |
| 044 | |a SK | ||
| 245 | 1 | 0 | |a Motivation Level and its Comparison Between Senior Managers and Blue-Collar Workers in Small and Medium-Sized Transport Enterprises |c Rudolf Kampf, Silvia Lorincova, Larisa M. Kapustina, Lenka Lizbetinova |
| 520 | |a Porovnanie úrovne motivácie senior manažérov a manuálnych pracovníkov v slovenských malých a stredných podnikoch zabezpečujúcich dopravu v lesníctve so zameraním na tvorbu motivačných programov - výsledky dotazníkového prieskumu z obdobia 11/2015-03/2016. | ||
| 610 | 2 | 0 | |a motivácia |
| 610 | 2 | 0 | |a motivácia pracovná |
| 610 | 2 | 0 | |a zamestnanci |
| 610 | 2 | 0 | |a manažéri |
| 610 | 2 | 0 | |a pracovníci fyzickí |
| 610 | 2 | 0 | |a spokojnosť v práci |
| 610 | 2 | 0 | |a zdroje ľudské |
| 610 | 2 | 0 | |a personalistika |
| 610 | 2 | 0 | |a psychológia |
| 610 | 2 | 0 | |a podnik |
| 610 | 2 | 0 | |a podnik dopravný |
| 610 | 2 | 0 | |a podnik malý |
| 610 | 2 | 0 | |a podnik stredný |
| 610 | 2 | 0 | |a Slovensko |
| 100 | 1 | |a Kampf, Rudolf | |
| 700 | 1 | |a Lorincová, Silvia | |
| 700 | 1 | |a Kapustina, Larisa M. | |
| 700 | 1 | |a Ližbetinová, Lenka | |